[Event "FIDE World Rapid Team"]
[Site "London ENG"]
[Date "2025.06.12"]
[Round "5.4"]
[White "Cieslak, Patryk"]
[Black "Gan-Od, Sereenen"]
[Result "1-0"]
[WhiteTitle "FM"]
[BlackTitle "FM"]
[WhiteElo "2442"]
[BlackElo "2320"]
[WhiteTeam "Hetman GKS Katowice"]
[BlackTeam "Mongolia-A"]
[WhiteFideId "21078882"]
[BlackFideId "4901304"]
[EventDate "2025.06.11"]
[EventType "team"]

1. e4 c6 2. Nf3 d5 3. exd5 cxd5 4. d4 Nc6 5. c3 Nf6 6. Ne5 e6 7. Nd2 Bd6 8. f4
Ne4 9. Qf3 Bxe5 10. fxe5 Nxd2 11. Bxd2 O-O 12. Bd3 f5 13. h4 Bd7 14. h5 b5 15.
a3 a5 16. O-O b4 17. g4 bxc3 18. bxc3 Qb6 19. Rab1 Qa7 20. Kh1 Ne7 21. Bg5 Be8
22. Qh3 f4 23. Rxf4 Rxf4 24. Bxf4 Rb8 25. Qf1 h6 26. Bc2 Rxb1 27. Bxb1 Qb6 28.
Qd3 Bf7 29. Kg1 Qb3 30. Qc2 Qb5 31. Qd3 Qb3 32. Qc2 Qb5 33. a4 Qc4 34. Ba2 Qc6
35. Kf2 Be8 36. Bb1 Kf8 37. Qd2 Bf7 38. Bc2 Qc4 39. Kg3 Qf1 40. Be3 Kg8 41. Qd3
Qe1+ 42. Bf2 Qc1 43. Be3 Qe1+ 44. Bf2 Qc1 45. Qe2 Qa1 46. Qd2 Be8 47. Qd3 Kf8
48. Qf3+ Kg8 49. Qd3 Kf8 50. c4 dxc4 51. Qxc4 Bd7 52. Qb3 Qc1 53. Qf3+ Kg8 54.
Qa8+ Kf7 55. Qf3+ Kg8 56. Qd3 Kf8 57. Qd1 Qa3+ 58. Qf3+ Qxf3+ 59. Kxf3 Nd5 60.
Be1 Nb6 61. Bxa5 Nxa4 62. Ke3 Bb5 63. Bb3 Ke7 64. Bb4+ Kf7 65. d5 exd5 66. Bxd5+
Ke8 67. Be4 Bc4 68. Bc6+ Kf7 69. Bxa4 Be6 70. Kf4 g6 71. hxg6+ Kxg6 72. Bc2+ Kf7
73. Bf5 Bc4 74. Kg3 Bd5 75. Kh4 Be6 76. Bd2 h5 77. Bxe6+ Kxe6 78. Kxh5 1-0

[Event "FIDE World Rapid Team"]
[Site "London ENG"]
[Date "2025.06.12"]
[Round "5.5"]
[White "Uuriintuya, Uurtsaikh"]
[Black "Tsatsalashvili, Keti"]
[Result "0-1"]
[WhiteTitle "WGM"]
[BlackTitle "WGM"]
[WhiteElo "2141"]
[BlackElo "2305"]
[WhiteTeam "Mongolia-A"]
[BlackTeam "Hetman GKS Katowice"]
[WhiteFideId "4900227"]
[BlackFideId "13603434"]
[EventDate "2025.06.11"]
[EventType "team"]

1. e4 c5 2. Nf3 d6 3. d4 cxd4 4. Nxd4 Nf6 5. Nc3 Nc6 6. Bg5 a6 7. Qd3 Bd7 8.
O-O-O Rc8 9. Nxc6 Rxc6 10. f4 Qa5 11. e5 Ng4 12. Rd2 h6 13. Bh4 g5 14. fxg5 hxg5
15. Bxg5 Qxe5 16. h4 Bf5 17. Qf3 Qe1+ 18. Rd1 Qe6 19. Bd3 Bxd3 20. cxd3 Ne5 21.
Qe4 d5 22. Qb4 Qd7 23. Qd4 f6 24. Kb1 Rd6 25. Rhe1 Nc6 26. Qf4 fxg5 27. Qxg5 Kd8
28. Na4 Bh6 29. Qh5 Bg7 30. Qf7 Bd4 31. Qf4 Rf6 32. Qg5 Rf2 33. g4 Rg2 34. Qf5
Qxf5 35. gxf5 Rxh4 36. Rh1 Rxh1 37. Rxh1 Kd7 38. a3 b5 39. Nc3 Bxc3 40. bxc3 Ne5
41. d4 Nc4 42. Rh6 a5 43. f6 exf6 44. Rxf6 Nxa3+ 45. Ka1 Nc4 46. Rf7+ Kc6 47.
Rf6+ Nd6 48. Rf8 Rc2 49. Ra8 a4 50. Ra6+ Kc7 51. Ra7+ Nb7 52. Kb1 Rxc3 53. Kb2
Rc4 54. Ka3 Rxd4 55. Ra8 Rc4 56. Rh8 d4 57. Rh7+ Kc6 58. Rh2 d3 59. Rd2 Nc5 60.
Rd1 b4+ 61. Kb2 a3+ 62. Kb1 Rc2 63. Rh1 Rb2+ 0-1

[Event "FIDE World Rapid Team"]
[Site "London ENG"]
[Date "2025.06.12"]
[Round "5.6"]
[White "Smolinski, Wojciech"]
[Black "Han, Qixuan"]
[Result "0-1"]
[WhiteElo "1987"]
[BlackElo "1896"]
[WhiteTeam "Hetman GKS Katowice"]
[BlackTeam "Mongolia-A"]
[WhiteFideId "21088683"]
[BlackFideId "496944"]
[EventDate "2025.06.11"]
[EventType "team"]

1. e4 c5 2. Nf3 d6 3. d4 cxd4 4. Nxd4 Nf6 5. Nc3 g6 6. Be3 Nc6 7. f3 h5 8. Bc4
Bd7 9. Qd2 Nxd4 10. Bxd4 Bh6 11. Be3 Bxe3 12. Qxe3 Qc7 13. Bb3 a6 14. O-O-O b5
15. Nd5 Nxd5 16. exd5 Bf5 17. Rhe1 Ra7 18. Re2 O-O 19. Rde1 Re8 20. Qh6 a5 21.
a4 bxa4 22. Bxa4 Rb8 23. Rxe7 Qxe7 24. Rxe7 Rxe7 25. Qd2 Rb4 26. Bc6 Rc4 27. c3
a4 28. Bb5 Rc5 29. Bxa4 Re5 30. Bc2 Rcxd5 31. Qf2 Bd7 32. Be4 Ra5 33. Qd4 Ra6
34. Bd3 Ra1+ 35. Kc2 Ba4+ 36. b3 Ra2+ 37. Kb1 Bxb3 38. Be4 Rb5 39. Bc6 Rba5 40.
Qxd6 Bc2+ 41. Kc1 Bf5 42. Be4 Ra1+ 43. Kd2 R5a2+ 44. Ke3 Bxe4 45. Kxe4 Re1+ 46.
Kf4 Rxg2 47. h4 Rh1 48. Qd8+ Kg7 49. c4 Rhg1 50. c5 Rc1 51. Qd4+ Kh7 52. Qf6
Rc4+ 53. Ke3 Kg8 54. c6 Rgc2 55. c7 Rxc7 56. Kf4 R7c4+ 57. Kg5 Rc6 58. Qa1 Rg2+
59. Kh6 g5+ 60. Kxh5 Rg6 61. Qa8+ Kh7 62. Qe8 Rh6# 0-1

[Event "FIDE World Rapid Team"]
[Site "London ENG"]
[Date "2025.06.12"]
[Round "5.1"]
[White "Gan-Erdene, Sugar"]
[Black "Hong, Andrew"]
[Result "1/2-1/2"]
[WhiteTitle "IM"]
[BlackTitle "GM"]
[WhiteElo "2454"]
[BlackElo "2589"]
[WhiteTeam "Mongolia-B"]
[BlackTeam "FIDE MB Team"]
[WhiteFideId "4902980"]
[BlackFideId "2099438"]
[EventDate "2025.06.11"]
[EventType "team"]

1. e4 e5 2. Nf3 Nc6 3. Bb5 a6 4. Ba4 Nf6 5. O-O Be7 6. d3 b5 7. Bb3 d6 8. a4 Bd7
9. c3 O-O 10. h3 Na5 11. Bc2 c5 12. Re1 Qc7 13. Nbd2 Rfc8 14. Nf1 b4 15. Bg5
Rab8 16. Ne3 Be6 17. d4 b3 18. Bb1 Rd8 19. Qe2 c4 20. Nf5 Bxf5 21. exf5 Ne8 22.
Bxe7 Qxe7 23. dxe5 dxe5 24. Be4 Nf6 25. Rad1 Rxd1 26. Rxd1 Rd8 27. Rxd8+ Qxd8
28. g4 h6 29. Kg2 Qe8 30. Qe3 Qxa4 31. Nxe5 Qe8 32. Bf3 Qb5 33. Qd4 Qb8 34. Nxc4
Nxc4 35. Qxc4 a5 36. Bd1 Qa8+ 37. Bf3 Qb8 38. h4 Nd7 39. Bd5 Ne5 40. Qxb3 Qd8
41. Qb7 Nxg4 42. Qa8 Qxa8 43. Bxa8 Kf8 44. Kg3 Ne5 45. Bd5 Ke7 46. f4 Nd3 47. b3
Nc5 48. Kf3 Kf6 49. Ke3 Kxf5 50. Bxf7 Kf6 51. Bd5 Ke7 52. Kd4 Kd6 53. b4 axb4
54. cxb4 Nd7 55. b5 Nb6 56. Bf3 Na4 57. Bd5 Nb6 58. Bc6 Nc8 59. Bf3 Nb6 60. Ke4
Nd5 61. Kf5 Ne7+ 62. Kg4 Kc5 63. Be2 Kd6 64. Kf3 Nf5 65. Kg4 Ne7 66. Bd3 Kc5 67.
Kf3 Nd5 68. Ke4 Kd6 69. Bc4 Ne7 70. Bf7 Nc8 71. Bh5 Ne7 72. b6 Kc6 73. Ke5 Nc8
74. Ke6 Nxb6 75. Bf3+ Kc5 76. Kf7 Kd4 77. f5 Ke5 78. Bg4 Nd5 79. Kxg7 h5 80. Bh3
Nf4 81. f6 Nxh3 82. f7 Nf4 83. Kh6 Ne6 84. Kxh5 Kf6 1/2-1/2

[Event "FIDE World Rapid Team"]
[Site "London ENG"]
[Date "2025.06.12"]
[Round "5.2"]
[White "Short, Nigel D"]
[Black "Bilguun, Sumiya"]
[Result "0-1"]
[WhiteTitle "GM"]
[BlackTitle "GM"]
[WhiteElo "2587"]
[BlackElo "2451"]
[WhiteTeam "FIDE MB Team"]
[BlackTeam "Mongolia-B"]
[WhiteFideId "400025"]
[BlackFideId "4901541"]
[EventDate "2025.06.11"]
[EventType "team"]

1. e4 c5 2. Nf3 e6 3. g3 Nc6 4. Bg2 Nf6 5. Qe2 e5 6. Na3 d6 7. c3 Be7 8. O-O O-O
9. Nc2 Re8 10. d3 h6 11. b4 a6 12. a3 d5 13. Bb2 Bf8 14. Rfe1 Bg4 15. exd5 Nxd5
16. h3 Bh5 17. Rad1 cxb4 18. Nxb4 Rc8 19. Nxd5 Qxd5 20. g4 Bg6 21. Nh4 Qd6 22.
Nxg6 Qxg6 23. Be4 Qf6 24. Qf3 Qxf3 25. Bxf3 Red8 26. Kf1 g6 27. c4 Bg7 28. Re3
Rc7 29. Rb1 Rcd7 30. Ke2 Nd4+ 31. Bxd4 exd4 32. Re4 b5 33. cxb5 axb5 34. Rxb5
Ra7 35. a4 Rxa4 36. Re7 Bf6 37. Rc7 Ra2+ 38. Kd1 Rxf2 39. Be4 Bg5 40. Ke1 Bh4
41. Kd1 Rd6 42. Rb8+ Kg7 43. Rcc8 Ra6 44. Rg8+ Kf6 45. Ra8 Rxa8 46. Rxa8 Bg5 47.
Ra7 Ke5 48. Ke1 Bh4 49. Kd1 Bg5 50. Ke1 Be3 51. Bc6 f5 52. gxf5 gxf5 53. Bd7 f4
54. Ra5+ Kd6 55. Bg4 Rd2 56. Ra3 Ke5 57. Bf3 Rf2 58. Ra5+ Kf6 59. Bg4 Rd2 60. h4
Rxd3 61. Ra6+ Ke5 62. Ra5+ Kd6 63. Ra6+ Kc5 64. Rxh6 Rd2 65. Rh5+ Kb4 66. Rd5
Rh2 67. h5 Kc4 68. Be6 d3 69. Kf1 Kc3 70. Bg4 f3 0-1

[Event "FIDE World Rapid Team"]
[Site "London ENG"]
[Date "2025.06.12"]
[Round "5.3"]
[White "Batkhuyag, Munguntuul"]
[Black "Bologan, Victor"]
[Result "1-0"]
[WhiteTitle "IM"]
[BlackTitle "GM"]
[WhiteElo "2356"]
[BlackElo "2601"]
[WhiteTeam "Mongolia-B"]
[BlackTeam "FIDE MB Team"]
[WhiteFideId "4900758"]
[BlackFideId "13900048"]
[EventDate "2025.06.11"]
[EventType "team"]

1. e4 e5 2. Nf3 Nc6 3. Bb5 a6 4. Ba4 d6 5. c3 Nf6 6. Qe2 Bg4 7. O-O Be7 8. Rd1
O-O 9. d4 Nd7 10. h3 Bh5 11. g4 Bg6 12. d5 Ncb8 13. Nbd2 c6 14. dxc6 bxc6 15.
Nf1 Nc5 16. Bc2 Nbd7 17. Ng3 a5 18. Nf5 Bxf5 19. gxf5 Qb8 20. Kh1 d5 21. exd5
cxd5 22. Rxd5 Qb7 23. Rd1 e4 24. Nd4 Bf6 25. Be3 Nd3 26. Rab1 N7e5 27. Ba4 Rac8
28. Rg1 Kh8 29. Rg2 Nf3 30. Rg3 Nxd4 31. cxd4 Qd5 32. Bb3 Qxf5 33. Rbg1 Bh4 34.
Qg4 Qxg4 35. Rxg4 Bxf2 36. Rxe4 Bxg1 37. Bxg1 Nxb2 38. d5 Nd3 39. d6 Rfd8 40.
Rd4 Ne5 41. Kg2 a4 42. Bxa4 Rc4 43. Rxc4 Nxc4 44. d7 Kg8 45. Bd4 Ra8 46. Bc6 Rb8
47. a4 Na5 48. Bb5 Nb7 49. Bb6 Nd8 50. Bc7 Ra8 51. a5 Kf8 52. Bd6+ Kg8 53. a6 g5
54. Be7 Kg7 55. a7 Ne6 56. Bc4 Nd8 57. Bxd8 Rxd8 58. Ba6 1-0

[Event "FIDE World Rapid Team"]
[Site "London ENG"]
[Date "2025.06.12"]
[Round "5.4"]
[White "Al-Mudahka, Mohd"]
[Black "Mungunzul, Bat-Erdene"]
[Result "1/2-1/2"]
[WhiteTitle "GM"]
[BlackTitle "WCM"]
[WhiteElo "2542"]
[BlackElo "2337"]
[WhiteTeam "FIDE MB Team"]
[BlackTeam "Mongolia-B"]
[WhiteFideId "12100030"]
[BlackFideId "4902831"]
[EventDate "2025.06.11"]
[EventType "team"]

1. e4 e5 2. Nf3 Nc6 3. Bb5 a6 4. Ba4 Nf6 5. O-O Be7 6. Re1 b5 7. Bb3 d6 8. c3
O-O 9. h3 Nb8 10. d4 Nbd7 11. Nbd2 Bb7 12. Bc2 Re8 13. Nf1 Bf8 14. Ng3 a5 15. b3
b4 16. Bb2 bxc3 17. Bxc3 exd4 18. Nxd4 Nc5 19. f3 g6 20. Qd2 Bg7 21. Rad1 Nfd7
22. Kh2 Nf8 23. Nb5 Bxc3 24. Nxc3 Nfe6 25. Nd5 Nd7 26. Qc3 Nec5 27. Nf1 Bxd5 28.
exd5 Qf6 29. Qxf6 Nxf6 30. Ne3 Re7 31. Kg1 Kf8 32. Kf2 Na6 33. a3 Nc5 34. Nc4
Rxe1 35. Kxe1 Ncd7 36. g4 h6 37. h4 Nc5 38. g5 hxg5 39. hxg5 Nfd7 40. Kf2 Nb6
41. Nxb6 cxb6 42. Rh1 Kg7 43. Re1 Kf8 44. Rh1 Kg7 45. Re1 Kf8 46. f4 Rc8 47. Ke3
Re8+ 48. Kd2 Rc8 49. Rh1 Kg7 50. Re1 Kf8 51. f5 gxf5 52. b4 axb4 53. axb4 Na6
54. Bxf5 Rc7 55. Re4 Ra7 56. Rh4 Nc7 57. Be4 Ra4 58. Kc3 Ra3+ 59. Kd2 Rb3 60.
Rh8+ Ke7 61. g6 fxg6 62. Rh7+ Kd8 63. Rh8+ Kd7 64. Bxg6 Nxd5 65. Rh7+ Ne7 66.
Bf5+ Kd8 67. Rh8+ Kc7 68. Rh7 Kd8 69. Rh8+ Kc7 70. Rh7 1/2-1/2

[Event "FIDE World Rapid Team"]
[Site "London ENG"]
[Date "2025.06.12"]
[Round "5.5"]
[White "Sodbilegt, Naranbold"]
[Black "Zhu, Chen"]
[Result "1-0"]
[WhiteTitle "FM"]
[BlackTitle "GM"]
[WhiteElo "2363"]
[BlackElo "2423"]
[WhiteTeam "Mongolia-B"]
[BlackTeam "FIDE MB Team"]
[WhiteFideId "4903528"]
[BlackFideId "8600546"]
[EventDate "2025.06.11"]
[EventType "team"]

1. e4 e5 2. Nf3 d6 3. d4 Nd7 4. Nc3 Ngf6 5. Bc4 Be7 6. O-O O-O 7. a4 c6 8. h3 b6
9. Be3 Bb7 10. Re1 Nxe4 11. Nxe4 d5 12. Nxe5 Nxe5 13. dxe5 dxc4 14. Qg4 Bc8 15.
Qg3 Bf5 16. Rad1 Qc7 17. Bf4 Bxe4 18. Rxe4 Rfd8 19. Rxd8+ Qxd8 20. Rxc4 Qd5 21.
Rc3 Qe4 22. Rd3 Qxa4 23. e6 f6 24. Rd7 Re8 25. Bh6 g5 26. Rxe7 1-0

[Event "FIDE World Rapid Team"]
[Site "London ENG"]
[Date "2025.06.12"]
[Round "5.6"]
[White "Zaiarski, Stepan"]
[Black "Enkhbayar, Genden"]
[Result "1-0"]
[WhiteElo "1932"]
[BlackElo "1837"]
[WhiteTeam "FIDE MB Team"]
[BlackTeam "Mongolia-B"]
[WhiteFideId "13907000"]
[BlackFideId "4928415"]
[EventDate "2025.06.11"]
[EventType "team"]

1. d4 d5 2. c4 Nf6 3. g3 e6 4. Bg2 Nbd7 5. Nf3 c5 6. cxd5 exd5 7. O-O Be7 8.
dxc5 Nxc5 9. b3 O-O 10. Bb2 Re8 11. Nc3 Nce4 12. Nd4 Bc5 13. Na4 b6 14. e3 Bb7
15. Rc1 Rc8 16. Qd3 Qd7 17. Rfd1 Bf8 18. Nc3 Nxc3 19. Bxc3 Ba3 20. Rc2 Ne4 21.
Be1 Rxc2 22. Nxc2 Qe7 23. f3 Nf6 24. b4 Bb2 25. Qb3 Be5 26. Bf2 Rd8 27. b5 Rc8
28. f4 Bd6 29. Nd4 Ne4 30. Nf5 Qf6 31. Bxe4 Rc3 32. Qa4 Ra3 33. Qd4 Qh6 34.
Nxh6+ 1-0

[Event "FIDE World Rapid Team"]
[Site "London ENG"]
[Date "2025.06.12"]
[Round "5.1"]
[White "Nogerbek, Kazybek"]
[Black "Wu, Li"]
[Result "1-0"]
[WhiteTitle "GM"]
[BlackTitle "FM"]
[WhiteElo "2538"]
[BlackElo "2278"]
[WhiteTeam "Barys.kz"]
[BlackTeam "Chess Rising Stars"]
[WhiteFideId "13710427"]
[BlackFideId "411086"]
[EventDate "2025.06.11"]
[EventType "team"]

1. Nf3 d5 2. g3 c5 3. Bg2 Nc6 4. d4 e6 5. O-O cxd4 6. Nxd4 Bc5 7. Nb3 Bb6 8. Nc3
Nf6 9. e4 dxe4 10. Nxe4 Nxe4 11. Bxe4 O-O 12. a4 f5 13. Qxd8 Rxd8 14. Bg2 Nd4
15. Nxd4 Bxd4 16. Bg5 Rd7 17. c3 h6 18. Bf4 Bf6 19. Rfe1 Kf7 20. a5 g5 21. Be3
e5 22. g4 f4 23. Bc5 Rd2 24. a6 Rxb2 25. Reb1 Rxb1+ 26. Rxb1 b6 27. Bxa8 bxc5
28. Rb7+ Be7 29. Rxa7 Bxg4 30. Bd5+ 1-0

[Event "FIDE World Rapid Team"]
[Site "London ENG"]
[Date "2025.06.12"]
[Round "5.2"]
[White "Cumming, Rhys"]
[Black "Makhnev, Denis"]
[Result "0-1"]
[WhiteTitle "FM"]
[BlackTitle "GM"]
[WhiteElo "2285"]
[BlackElo "2531"]
[WhiteTeam "Chess Rising Stars"]
[BlackTeam "Barys.kz"]
[WhiteFideId "470163"]
[BlackFideId "13707647"]
[EventDate "2025.06.11"]
[EventType "team"]

1. e4 e5 2. Nf3 Nc6 3. Nc3 Nf6 4. d4 Bb4 5. dxe5 Nxe4 6. Qd3 d5 7. a3 Bxc3+ 8.
bxc3 Be6 9. Be2 O-O 10. O-O Bg4 11. c4 Bxf3 12. Bxf3 Nxe5 13. Qxd5 Qxd5 14. cxd5
Nxf3+ 15. gxf3 Nc3 16. Bb2 Nxd5 17. Rfd1 Rfd8 18. Rd4 Rd6 19. Rad1 Rad8 20. Rg4
f6 21. Re1 Kf7 22. c4 Ne7 23. Rge4 Nc6 24. Kg2 Rd1 25. R1e3 R8d3 26. Bc3 Rxe3
27. fxe3 Rd3 28. Bb4 a5 29. Be1 Rxa3 30. Bg3 g5 31. c5 Rc3 32. Bxc7 Rxc5 33. Ra4
b5 34. Ra1 b4 35. f4 b3 36. Bd6 Rd5 37. Ba3 gxf4 38. exf4 Rd2+ 39. Kf3 Ra2 40.
Rxa2 Nd4+ 41. Ke4 bxa2 42. Kxd4 0-1

[Event "FIDE World Rapid Team"]
[Site "London ENG"]
[Date "2025.06.12"]
[Round "5.3"]
[White "Agmanov, Zhandos"]
[Black "Navrotescu, Andreea"]
[Result "1/2-1/2"]
[WhiteTitle "IM"]
[BlackTitle "WGM"]
[WhiteElo "2481"]
[BlackElo "2333"]
[WhiteTeam "Barys.kz"]
[BlackTeam "Chess Rising Stars"]
[WhiteFideId "13708309"]
[BlackFideId "675946"]
[EventDate "2025.06.11"]
[EventType "team"]

1. e4 e6 2. d4 d5 3. Nc3 Nf6 4. e5 Nfd7 5. f4 c5 6. Nf3 Nc6 7. Be3 Be7 8. a3 b6
9. Be2 Bb7 10. O-O O-O 11. Kh1 f6 12. Qd2 fxe5 13. fxe5 cxd4 14. Nxd4 Nxd4 15.
Bxd4 Bg5 16. Qd3 Nc5 17. Qh3 Qe7 18. b4 Ne4 19. Bg4 Rxf1+ 20. Rxf1 Re8 21. Nxe4
dxe4 22. c4 Ba6 23. Be2 Rc8 24. Qb3 Rf8 25. Rxf8+ Qxf8 26. Qh3 Qf5 27. Qxf5 exf5
28. b5 Bb7 29. c5 bxc5 30. Bxc5 Kf7 31. Bc4+ Ke8 32. Bxa7 f4 33. Kg1 f3 34. gxf3
exf3 35. Bd4 Bd2 36. Kf2 g5 37. Bc5 Bf4 38. e6 Bxh2 39. b6 Bc6 40. b7 g4 41. Ke1
Bb8 42. Bd3 g3 43. Bxh7 f2+ 44. Bxf2 gxf2+ 45. Kxf2 Bxb7 46. Bd3 1/2-1/2

[Event "FIDE World Rapid Team"]
[Site "London ENG"]
[Date "2025.06.12"]
[Round "5.4"]
[White "Tsaknakis, Zisis"]
[Black "Mamedov, Edgar"]
[Result "0-1"]
[WhiteTitle "FM"]
[BlackTitle "IM"]
[WhiteElo "2333"]
[BlackElo "2509"]
[WhiteTeam "Chess Rising Stars"]
[BlackTeam "Barys.kz"]
[WhiteFideId "4259963"]
[BlackFideId "13739980"]
[EventDate "2025.06.11"]
[EventType "team"]

1. e4 c5 2. Nf3 Nc6 3. Bb5 e6 4. O-O Nge7 5. d4 cxd4 6. Nxd4 Ng6 7. c4 Be7 8.
Nc3 O-O 9. Be3 Qc7 10. Rc1 Nxd4 11. Qxd4 b6 12. f4 Bc5 13. Qd2 Nxf4 14. b4 Bxe3+
15. Qxe3 Ng6 16. c5 bxc5 17. Na4 Qb8 18. Rxc5 a6 19. Be2 Qxb4 20. Rc4 Qa5 21.
Nb6 Rb8 22. Rb1 d6 23. Ra4 Qxa4 24. Nxa4 Rxb1+ 25. Kf2 e5 26. Nc3 Rb2 27. Qc1
Rb4 28. Qa3 Rd4 29. Bf3 Be6 30. Ke3 h6 31. g3 Bc4 32. Be2 Rc8 33. Qb2 Bxe2 34.
Nxe2 Rdc4 35. Qb7 R4c6 36. a4 Nf8 37. a5 Ne6 38. h4 Nc5 39. Qb4 R6c7 40. Nc3 Nd3
41. Kxd3 Rxc3+ 42. Kd2 Rc2+ 43. Kd1 R2c5 44. Qb6 R5c6 45. Qb7 R8c7 46. Qa8+ Kh7
47. Qd8 Rc1+ 48. Ke2 R1c2+ 49. Ke1 Rb7 50. Kd1 Rg2 51. Kc1 Rbb2 52. Qd7 Rbf2 0-1

[Event "FIDE World Rapid Team"]
[Site "London ENG"]
[Date "2025.06.12"]
[Round "5.5"]
[White "Kairbekova, Amina"]
[Black "Bird, Joel"]
[Result "1-0"]
[WhiteTitle "WIM"]
[WhiteElo "2317"]
[BlackElo "1987"]
[WhiteTeam "Barys.kz"]
[BlackTeam "Chess Rising Stars"]
[WhiteFideId "13712799"]
[BlackFideId "429252"]
[EventDate "2025.06.11"]
[EventType "team"]

1. e4 e5 2. Nf3 Nc6 3. Bb5 a6 4. Ba4 Nf6 5. Nc3 Be7 6. d3 b5 7. Bb3 d6 8. Nd5
Na5 9. Nxf6+ Bxf6 10. Be3 O-O 11. Qe2 Nxb3 12. axb3 c5 13. h3 Be6 14. O-O Qe7
15. Ra3 h6 16. Rfa1 Qb7 17. Nh2 Bd8 18. f4 exf4 19. Bxf4 Bb6 20. Kh1 Rfd8 21.
Rf1 Rac8 22. Ng4 c4 23. dxc4 bxc4 24. b4 c3 25. Rxc3 Bd4 26. Rg3 Bc4 27. Nxh6+
Kf8 28. Qh5 Bxf1 29. Nf5 g6 30. Qh6+ Ke8 31. Nxd4 Qxe4 32. Re3 Bxg2+ 33. Kg1
Qxe3+ 34. Bxe3 Be4 35. Bg5 1-0

[Event "FIDE World Rapid Team"]
[Site "London ENG"]
[Date "2025.06.12"]
[Round "5.6"]
[White "Kennedy, Aden"]
[Black "Nurakyn, Suleiman"]
[Result "0-1"]
[WhiteElo "1950"]
[BlackElo "1773"]
[WhiteTeam "Chess Rising Stars"]
[BlackTeam "Barys.kz"]
[WhiteFideId "343401015"]
[BlackFideId "447003073"]
[EventDate "2025.06.11"]
[EventType "team"]

1. e4 c6 2. d4 d5 3. exd5 cxd5 4. Bf4 Nc6 5. c3 Bf5 6. Nf3 Nf6 7. Nbd2 e6 8. Bb5
Bd6 9. Ne5 Qc7 10. Ndf3 O-O 11. O-O a6 12. Bd3 Bxd3 13. Qxd3 Nh5 14. Ng5 g6 15.
Qe3 Nxf4 16. Qxf4 Bxe5 17. dxe5 Qxe5 18. Qh4 h5 19. f4 Qf5 20. Rae1 Kg7 21. h3
Qf6 22. g4 Rh8 23. Qg3 hxg4 24. hxg4 d4 25. Ne4 Qh4 26. Qg2 dxc3 27. f5 Ne5 28.
fxe6 Nf3+ 29. Rxf3 Qxe1+ 30. Qf1 Qxf1+ 31. Rxf1 fxe6 32. Nc5 Rh4 33. Nxe6+ Kg8
34. bxc3 Rxg4+ 35. Kh2 Re8 36. Kh3 Rc4 37. Rf6 Rc6 38. Rxg6+ Kf7 39. Rg7+ Kxe6
40. Rxb7 Rg8 41. c4 Rc5 42. Rb6+ Kd7 43. Rh6 Rxc4 44. Rxa6 Rc3+ 45. Kh2 Rc6 46.
Ra7+ Kd6 47. a4 Kc5 48. Ra5+ Kb4 49. Rb5+ Kxa4 50. Rh5 Rc2+ 51. Kh1 Rd8 52. Rh4+
Kb3 53. Rh3+ Kb2 54. Rg3 Rd1+ 55. Rg1 Rxg1+ 56. Kxg1 Kc3 57. Kf1 Kd3 58. Ke1 Rd2
59. Kf1 Re2 60. Kg1 Ke3 61. Kf1 Kf3 62. Kg1 Rf2 63. Kh1 Kg4 64. Kg1 Kg3 65. Kh1
Rf1# 0-1

[Event "FIDE World Rapid Team"]
[Site "London ENG"]
[Date "2025.06.12"]
[Round "5.1"]
[White "Gurevich, Ilya"]
[Black "Bjerre, Jonas Buhl"]
[Result "1/2-1/2"]
[WhiteTitle "GM"]
[BlackTitle "GM"]
[WhiteElo "2586"]
[BlackElo "2651"]
[WhiteTeam "e-therapeutics"]
[BlackTeam "¡Ållez-Y Initiative!"]
[WhiteFideId "2000628"]
[BlackFideId "1444948"]
[EventDate "2025.06.11"]
[EventType "team"]

1. e4 c5 2. Nf3 g6 3. c3 d5 4. exd5 Qxd5 5. d4 Bg7 6. Be3 cxd4 7. cxd4 Nf6 8.
Nc3 Qa5 9. Bc4 O-O 10. O-O Bg4 11. h3 Bxf3 12. Qxf3 Nc6 13. Rfd1 e6 14. Bb3 Rfd8
15. d5 Ne5 16. Qe2 Nxd5 17. Nxd5 exd5 18. Bd2 Qc5 19. Rac1 Nc4 20. Bg5 Re8 21.
Qf3 Re5 22. Bf4 Re4 23. Bxc4 Rxc4 24. Rxc4 Qxc4 25. b3 Qe4 26. Rxd5 Qxf3 27.
gxf3 Bc3 28. a4 b6 29. Rd7 1/2-1/2

[Event "FIDE World Rapid Team"]
[Site "London ENG"]
[Date "2025.06.12"]
[Round "5.2"]
[White "Jacobsen, Mikkel Manosri"]
[Black "Williams, Simon K"]
[Result "1-0"]
[WhiteTitle "FM"]
[BlackTitle "GM"]
[WhiteElo "2223"]
[BlackElo "2444"]
[WhiteTeam "¡Ållez-Y Initiative!"]
[BlackTeam "e-therapeutics"]
[WhiteFideId "1444514"]
[BlackFideId "404454"]
[EventDate "2025.06.11"]
[EventType "team"]

1. d4 e6 2. Nf3 f5 3. Bf4 Nf6 4. e3 d6 5. h3 g6 6. Be2 Bg7 7. O-O O-O 8. c4 Qe7
9. Nc3 Nc6 10. Rc1 Nd8 11. c5 Nf7 12. cxd6 cxd6 13. Nb5 Nd5 14. Bc4 Nxf4 15.
exf4 a6 16. Nc3 g5 17. Re1 g4 18. hxg4 fxg4 19. Nh2 h5 20. Bxe6 Qxe6 21. Rxe6
Bxe6 22. g3 Nh6 23. d5 Bd7 24. Ne4 Nf5 25. Rc7 Rad8 26. Ng5 Rfe8 27. Ne6 Rxe6
28. Rxd7 Ree8 29. Rxd8 Rxd8 30. Qd3 Rf8 31. b3 Bd4 32. Kg2 Kg7 33. Nf1 h4 34.
Qd1 hxg3 35. Qxg4+ Kh7 36. Nxg3 Nh6 37. Qd7+ Kh8 38. Qxd6 Bg7 39. Nh5 Nf5 40.
Qd7 Bd4 41. Kf1 b5 42. Qe6 a5 43. d6 Kh7 44. d7 1-0

[Event "FIDE World Rapid Team"]
[Site "London ENG"]
[Date "2025.06.12"]
[Round "5.3"]
[White "Norwood, David R"]
[Black "Muetsch, Annmarie"]
[Result "1-0"]
[WhiteTitle "GM"]
[BlackTitle "WIM"]
[WhiteElo "2494"]
[BlackElo "2271"]
[WhiteTeam "e-therapeutics"]
[BlackTeam "¡Ållez-Y Initiative!"]
[WhiteFideId "400106"]
[BlackFideId "12971367"]
[EventDate "2025.06.11"]
[EventType "team"]

1. g3 e5 2. c4 d6 3. Bg2 Nd7 4. Nc3 g6 5. e4 Bg7 6. d3 Ngf6 7. Nge2 O-O 8. O-O
a5 9. b3 Nc5 10. h3 c6 11. Be3 Re8 12. Qd2 b6 13. f4 Bb7 14. Rf2 Nfd7 15. Raf1
f6 16. f5 Ba6 17. g4 g5 18. Rd1 Qe7 19. d4 exd4 20. Nxd4 Bb7 21. Re2 Ne5 22. Qe1
Rad8 23. Qg3 h6 24. a3 Ba6 25. Red2 Bb7 26. Kh2 Kf7 27. Bf1 Rh8 28. b4 axb4 29.
axb4 Na6 30. Ne6 Nxb4 31. Nxd8+ Rxd8 32. Bxb6 Rd7 33. c5 d5 34. exd5 Nxd5 35.
Nxd5 cxd5 36. Bg2 Nc4 37. Re1 Qf8 38. Ra2 Ne5 39. Ra7 Bc6 40. Rxd7+ Nxd7 41. Qc7
Qb8 42. Re6 Qxc7+ 43. Bxc7 Ba8 44. Ra6 Bb7 45. c6 Nc5 46. Bxd5+ Ke7 47. Ra5 1-0